000 00858cam a22002651 4500
999 _c7841
_d7841
001 2682
003 OSt
005 20171018135345.0
008 771021s1952 enkb b 001 0 eng
015 _aGB52-14042
020 _aoooooooo
035 _a(OCoLC)3359621
040 _aDLC
_cINS
_dINS
_dUk
_dDLC
050 0 0 _aGF33
_b.L38
082 _a910
100 1 _aLebon, J. H. G.
_q(John Harold George)
245 1 3 _aAn introduction to human geography
_c[by] J. H. G. Lebon.
260 _aLondon,
_aNew York,
_bHutchinson's University Library
_c[1952]
300 _ax, 191 p.
_billus.
_c19 cm.
490 0 _aHutchinson's university library. Geography
504 _aIncludes bibliographies.
650 0 _aHuman geography.
906 _a7
_bcbc
_coclcrpl
_du
_encip
_f19
_gy-gencatlg
942 _2ddc
_cCIRC